[Event "Linares NL"]
[Site "Linares"]
[Date "1992.??.??"]
[Round "?"]
[White "Sisniega, Marcel"]
[Black "Arencibia, Walter"]
[Result "1/2-1/2"]
[WhiteElo "2500"]
[BlackElo "2535"]
[PlyCount "104"]
[EventDate "1992.09.??"]
[Source "ChessBase"]

1. e4 e5 2. Nf3 Nc6 3. Bb5 Nf6 4. O-O Nxe4 5. d4 Be7 6. Qe2 Nd6 7. Bxc6 bxc6 8. dxe5 Nb7 9. Nd4 O-O 10. Nf5 d5 11. exd6 Bxd6 12. Nxd6 cxd6 13. Qf3 d5 14. Nc3 Nc5 15. b3 Re8 16. Bb2 Qg5 17. Rfe1 Bg4 18. Qg3 Qg6 19. Ba3 Ne6 20. Ne2 Bf5 21. Qxg6 Bxg6 22. c3 c5 23. Rad1 d4 24. f3 Red8 25. Kf2 d3 26. Ng3 c4 27. Ne4 cxb3 28. axb3 Rab8 29. Nd2 Rdc8 30. Rc1 Rb6 31. Bb4 h6 32. Ra1 Nd4 33. Rxa7 Nc2 34. Ree7 Nxb4 35. cxb4 Rxb4 36. Ke3 Kf8 37. g4 Rc1 38. Kf2 Rd1 39. Nc4 Rxb3 40. Ne5 Rb2+ 41. Kg3 Rg1+ 42. Kh3 Rh1 43. Nxg6+ fxg6 44. Rf7+ Ke8 45. Rxg7 Kf8 46. Rgd7 Rhxh2+ 47. Kg3 Rhg2+ 48. Kf4 Rge2 49. Rh7 g5+ 50. Kf5 Rb5+ 51. Kf6 Rb6+ 52. Kf5 Rb5+ 1/2-1/2

[Event "URS-ESP mT"]
[Site "Logrono"]
[Date "1991.??.??"]
[Round "?"]
[White "Romero Holmes, Alfonso"]
[Black "Vladimirov, Evgeny Y"]
[Result "0-1"]
[WhiteElo "2460"]
[BlackElo "2575"]
[PlyCount "160"]
[EventDate "1991.12.??"]
[Source "www.chesslib.no"]
[SourceDate "2004.05.04"]

1. e4 e5 2. Nf3 Nc6 3. Bb5 Nf6 4. O-O Nxe4 5. d4 Be7 6. Qe2 Nd6 7. Bxc6 bxc6 8. dxe5 Nf5 9. b3 O-O 10. Bb2 d5 11. exd6 cxd6 12. c4 Re8 13. Nc3 Bf8 14. Qd3 Ne7 15. Rfe1 Bf5 16. Qd4 Ng6 17. Rxe8 Qxe8 18. Re1 Qd8 19. Na4 Qc7 20. Qd2 Rd8 21. h4 h6 22. h5 Ne5 23. Nxe5 dxe5 24. Bxe5 Rxd2 25. Bxc7 Be6 26. Nc3 Bb4 27. Rc1 Bg4 28. Bf4 Rd3 29. Ne4 Bxh5 30. Be3 Bg6 31. Bc5 Ba5 32. Ng3 a6 33. Nf1 Bc3 34. f3 Bf6 35. Kf2 Rd8 36. Re1 a5 37. Re2 a4 38. Rd2 Rb8 39. Bd4 Bh4+ 40. g3 Be7 41. Be5 Rb7 42. Ne3 axb3 43. Rb2 Rd7 44. axb3 Ba3 45. Re2 Rd3 46. g4 Bc5 47. b4 Bxb4 48. Nf5 f6 49. Bf4 Rc3 50. Bd6 Bxd6 51. Nxd6 h5 52. gxh5 Bxh5 53. Re3 Rc2+ 54. Kg3 Bf7 55. Re4 Kf8 56. Rh4 g6 57. Rf4 f5 58. Rd4 c5 59. Rh4 Ke7 60. Nb7 g5 61. Rh7 Kf6 62. Nxc5 Kg6 63. Rh2 f4+ 64. Kh3 Rxc4 65. Nd3 Be6+ 66. Kg2 Rd4 67. Ne1 Rd1 68. Kf2 Bc4 69. Rg2 Kf5 70. Rh2 Rd2+ 71. Kg1 Rxh2 72. Kxh2 Ke5 73. Nc2 Bd5 74. Kg2 g4 75. Ne1 Kd4 76. Kf1 Bc4+ 77. Kf2 g3+ 78. Kg2 Bd3 79. Kg1 Ke3 80. Kh1 Ke2 0-1

[Event "Beersheba-Peterburg Kings m"]
[Site "St Petersburg"]
[Date "1999.06.07"]
[Round "3"]
[White "Greenfeld, Alon"]
[Black "Lugovoi, Aleksei"]
[Result "1/2-1/2"]
[WhiteElo "2521"]
[BlackElo "2510"]
[PlyCount "80"]
[EventDate "1999.06.??"]
[Source "ChessBase"]
[SourceDate "1999.10.01"]

1. e4 e5 2. Nf3 Nc6 3. Bb5 Nf6 4. O-O Nxe4 5. d4 Be7 6. Qe2 Nd6 7. Bxc6 bxc6 8. dxe5 Nb7 9. Nc3 O-O 10. Re1 d5 11. exd6 Bxd6 12. Bg5 Qd7 13. Rad1 c5 14. Nd5 f6 15. Bf4 Qf7 16. Qb5 Bxf4 17. Nxf4 Rb8 18. Qb3 c4 19. Qa3 Nd6 20. Nd4 Rb6 21. h3 a6 22. Qc5 Nb7 23. Qa3 Nd6 24. Qc5 Nb7 25. Qe7 Rd8 26. b4 cxb3 27. Qxf7+ Kxf7 28. Nxb3 Rxd1 29. Rxd1 Rb4 30. Nd5 Rc4 31. Ne3 Ra4 32. Rd3 Be6 33. Rc3 c5 34. Nxc5 Nxc5 35. Rxc5 Rxa2 36. Rc7+ Kf8 37. c4 Ra1+ 38. Kh2 a5 39. g4 a4 40. Ra7 a3 1/2-1/2

[Event "Osijek"]
[Site "?"]
[Date "1978.04.09"]
[Round "3"]
[White "Adorjan Andras"]
[Black "Ivkov Borislav"]
[Result "1-0"]
[WhiteElo "2515"]
[BlackElo "2515"]
[PlyCount "93"]
[EventDate "1978.??.??"]
[Source "www.chesslib.no"]
[SourceDate "2004.05.04"]

1. e4 e5 2. Nf3 Nc6 3. Bb5 Nf6 4. O-O Nxe4 5. d4 Be7 6. Qe2 Nd6 7. Bxc6 bxc6 8. dxe5 Nb7 9. Nc3 O-O 10. Re1 Nc5 11. Be3 Ne6 12. Rad1 f6 13. Nd4 Nxd4 14. Bxd4 fxe5 15. Bxe5 Rf7 16. Qc4 d6 17. Qxc6 Bg4 18. f3 Bd7 19. Qc4 dxe5 20. Rxe5 Bd6 21. Ree1 Rb8 22. Ne4 Rxb2 23. Nxd6 cxd6 24. Rxd6 Rb6 25. Rd4 Rbf6 26. Rb1 Qe8 27. Rxd7 Rf4 28. Qd5 R4f5 29. Rd8 Rxd5 30. Rxe8+ Rf8 31. Rxf8+ Kxf8 32. Rb8+ Kf7 33. Rb7+ Kf6 34. Rxa7 Rc5 35. Kf2 Rxc2+ 36. Kg3 h5 37. a4 Ra2 38. a5 g6 39. a6 Ra4 40. Ra8 Kg7 41. a7 Kh7 42. f4 Ra3+ 43. Kf2 Ra2+ 44. Ke3 Ra3+ 45. Kd4 Ra4+ 46. Kc5 Ra1 47. g3 1-0

[Event "St Petersburg-Paris"]
[Site "Paris"]
[Date "1996.??.??"]
[Round "4"]
[White "Aseev, Konstantin N"]
[Black "Marciano, David"]
[Result "1-0"]
[WhiteElo "2530"]
[BlackElo "2495"]
[PlyCount "119"]
[EventDate "1996.02.??"]
[Source "ChessBase"]

1. e4 e5 2. Nf3 Nc6 3. Bb5 Nf6 4. O-O Nxe4 5. d4 Be7 6. Qe2 Nd6 7. Bxc6 bxc6 8. dxe5 Nb7 9. Nc3 O-O 10. Re1 Nc5 11. Nd4 Ne6 12. Be3 Rb8 13. Nxe6 fxe6 14. b3 Bb4 15. Qd2 Rb5 16. Qd4 c5 17. Qd3 Ra5 18. a3 Rxa3 19. Rxa3 Bxa3 20. Nb1 Bb4 21. c3 Ba5 22. Bxc5 Rf5 23. Bxa7 Bb7 24. f3 Qg5 25. Nd2 Rxe5 26. Rxe5 Qxe5 27. Qxd7 h6 28. Bd4 Bb6 29. Bxb6 cxb6 30. Qd8+ Kh7 31. Qd3+ Kg8 32. Qd8+ Kh7 33. Qxb6 Qxc3 34. Qxb7 Qxd2 35. Qe4+ Kh8 36. Qa8+ Kh7 37. Qe4+ Kh8 38. Qxe6 Qd4+ 39. Kf1 Qd1+ 40. Kf2 Qd2+ 41. Kg3 Qg5+ 42. Qg4 Qe5+ 43. Kh3 h5 44. Qe4 Qg5 45. b4 g6 46. b5 Qf6 47. g3 Kg7 48. f4 Qf7 49. Qe5+ Kh7 50. f5 gxf5 51. b6 Qb3 52. Qxf5+ Kh6 53. Qf6+ Kh7 54. Qe7+ Kg6 55. Qe4+ Kg5 56. b7 Qb5 57. Qf4+ Kg6 58. b8=Q Qd7+ 59. g4 Qd3+ 60. Kh4 1-0

[Event "Bundesliga 9091"]
[Site "Germany"]
[Date "1991.??.??"]
[Round "?"]
[White "Brunner, Lucas"]
[Black "Smagin, Sergey"]
[Result "1-0"]
[WhiteElo "2475"]
[BlackElo "2550"]
[PlyCount "67"]
[EventDate "1990.10.??"]
[Source "ChessBase"]
[SourceDate "1999.07.01"]

1. e4 e5 2. Nf3 Nc6 3. Bb5 Nf6 4. O-O Nxe4 5. d4 Be7 6. Qe2 Nd6 7. Bxc6 bxc6 8. dxe5 Nb7 9. b3 O-O 10. Ba3 Bxa3 11. Nxa3 Qe7 12. Nc4 d5 13. Ne3 f5 14. c4 f4 15. Nc2 Bg4 16. Rad1 Qc5 17. Ncd4 Rae8 18. h3 Bh5 19. Rfe1 Nd6 20. Rc1 dxc4 21. Qd1 Nc8 22. Rxc4 Qa5 23. Qc1 Bxf3 24. Nxf3 Qxa2 25. Qc3 Nb6 26. Rxc6 Re7 27. Qc5 Ree8 28. e6 Qxb3 29. e7 Rf7 30. Rxc7 Qd5 31. Rc8 Qd7 32. Rxe8+ Qxe8 33. Ng5 Rf6 34. Rd1 1-0

[Event "Netanya"]
[Site "Netanya ISR"]
[Date "1975.??.??"]
[Round "?"]
[White "Timman, Jan H"]
[Black "Pachman, Ludek"]
[Result "1/2-1/2"]
[WhiteElo "2510"]
[BlackElo "2510"]
[PlyCount "46"]
[EventDate "1975.??.??"]
[Source "www.chesslib.no"]
[SourceDate "2004.05.04"]

1. e4 e5 2. Nf3 Nc6 3. Bb5 Nf6 4. O-O Nxe4 5. d4 Be7 6. Re1 Nd6 7. Bxc6 dxc6 8. dxe5 Nf5 9. Qxd8+ Bxd8 10. Bg5 Nd4 11. Bxd8 Nxf3+ 12. gxf3 Kxd8 13. Nd2 Ke7 14. Nc4 b6 15. Ne3 Be6 16. f4 g6 17. Kg2 Rhd8 18. Rad1 c5 19. Kf3 f5 20. h4 Rxd1 21. Rxd1 Rd8 22. Rxd8 Kxd8 23. a3 h5 1/2-1/2

[Event "London ENG"]
[Site "London ENG"]
[Date "1989.??.??"]
[Round "?"]
[White "Adams, Michael"]
[Black "Polgar, Zsuzsa"]
[Result "1-0"]
[WhiteElo "2510"]
[BlackElo "2510"]
[PlyCount "53"]
[EventDate "1989.??.??"]
[Source "www.chesslib.no"]
[SourceDate "2004.05.04"]

1. e4 e5 2. Nf3 Nc6 3. Bb5 Nf6 4. O-O Nxe4 5. d4 Be7 6. dxe5 O-O 7. Qd5 Nc5 8. Be3 Ne6 9. Nc3 a6 10. Bc4 d6 11. Rad1 dxe5 12. Nxe5 Nxe5 13. Qxe5 Bd6 14. Qh5 Qf6 15. Ne4 Qe5 16. Qh4 Be7 17. Qxe7 Qxe4 18. Bd3 Qg4 19. f4 b6 20. h3 Qh5 21. f5 Nd8 22. Kh2 Nc6 23. Qxc7 Nb4 24. Be4 Bxf5 25. Bxf5 Rae8 26. Qf4 Nc6 27. Bd7 1-0

[Event "TCh-CZE Extraliga 2003-4"]
[Site "Czech Rep"]
[Date "2004.02.07"]
[Round "6"]
[White "Socko, Bartosz"]
[Black "Vokac, Marek"]
[Result "1/2-1/2"]
[WhiteElo "2556"]
[BlackElo "2460"]
[PlyCount "171"]
[EventDate "2004.01.08"]
[Source "Roberto Alvarez"]
[SourceDate "2004.04.05"]

1. e4 e5 2. Nf3 Nc6 3. Bb5 Nf6 4. O-O Nxe4 5. d4 Be7 6. dxe5 d5 7. Nd4 Bd7 8. Bxc6 bxc6 9. f3 Nc5 10. f4 O-O 11. Nc3 f6 12. Be3 fxe5 13. fxe5 Rxf1+ 14. Qxf1 Qe8 15. Qf2 Qg6 16. Nf3 Ne6 17. Rd1 Rf8 18. Kh1 a5 19. Qd2 Qh5 20. Rf1 Be8 21. Ne2 Bg6 22. Qxa5 Qg4 23. Qa6 Be4 24. h3 Qg6 25. Neg1 d4 26. Bc1 c5 27. Rf2 c6 28. Qe2 Bd5 29. b3 h6 30. Rf1 Be4 31. Rf2 Bd5 32. Rf1 Bd8 33. Ne1 Rxf1 34. Qxf1 Bg5 35. Bxg5 hxg5 36. Nd3 g4 37. Qe2 gxh3 38. Nxh3 Qh6 39. Kg1 c4 40. bxc4 Bxc4 41. a4 Nc5 42. a5 Nxd3 43. cxd3 Qc1+ 44. Kh2 Bd5 45. e6 Qe3 46. Qxe3 dxe3 47. Kg3 c5 48. Nf4 Bc6 49. Ng6 Bb7 50. Ne5 Kf8 51. Nd7+ Ke7 52. Nxc5 Bc6 53. a6 g5 54. a7 g4 55. Nb3 e2 56. Kf2 g3+ 57. Kxe2 Bxg2 58. Nd4 Bb7 59. Ke3 Kf6 60. Nb3 Ke7 61. Nc5 Bc6 62. Ke2 Kd6 63. Ke3 Ke7 64. d4 Ba8 65. Na6 Kd6 66. Nc5 Ke7 67. Ke2 Kd6 68. Kf1 Ke7 69. Ke1 Kd6 70. Ke2 Ke7 71. Ke3 Kd6 72. Na6 Bb7 73. Nc5 Ba8 74. Ke2 Ke7 75. Kf1 Kd6 76. Ke1 Ke7 77. Ke2 Kd6 78. Na6 Bb7 79. Ke3 Ba8 80. Nc5 Ke7 81. Na4 Kxe6 82. Nb6 Bb7 83. a8=Q Bxa8 84. Nxa8 g2 85. Nc7+ Kd7 86. Kf2 1/2-1/2

[Event "Ubeda op"]
[Site "Ubeda"]
[Date "1999.01.23"]
[Round "4"]
[White "Prasad, Devaki V"]
[Black "Giorgadze, Giorgi"]
[Result "0-1"]
[WhiteElo "2405"]
[BlackElo "2610"]
[PlyCount "110"]
[EventDate "1999.01.??"]
[Source "ChessBase"]
[SourceDate "1999.03.01"]

1. e4 e5 2. Nf3 Nc6 3. Bb5 Nf6 4. O-O Nxe4 5. d4 Be7 6. Qe2 Nd6 7. Bxc6 bxc6 8. dxe5 Nb7 9. Nc3 O-O 10. Re1 Re8 11. Be3 d5 12. exd6 cxd6 13. Bg5 Be6 14. Bxe7 Qxe7 15. Nd4 Qd7 16. Qa6 c5 17. Nxe6 fxe6 18. Rad1 d5 19. Qb5 Qf7 20. Rd3 c4 21. Rf3 Nd6 22. Rxf7 Nxb5 23. Nxb5 Kxf7 24. Nd6+ Kf6 25. Nxe8+ Rxe8 26. f4 g5 27. fxg5+ Kxg5 28. Kf2 e5 29. Ke3 Kf5 30. Rf1+ Ke6 31. c3 Rb8 32. Rf2 h5 33. g3 a5 34. Rd2 a4 35. a3 Rf8 36. h3 Rf1 37. Ke2 Rb1 38. Kf3 Rf1+ 39. Kg2 Rf8 40. g4 hxg4 41. hxg4 e4 42. Rf2 Rxf2+ 43. Kxf2 Kf6 44. Kg2 Ke5 45. Kg3 d4 46. cxd4+ Kxd4 47. g5 Kd3 48. g6 e3 49. g7 e2 50. g8=Q e1=Q+ 51. Kg2 Qd2+ 52. Kf3 Qe2+ 53. Kg3 Qxb2 54. Qa8 Kc2 55. Qf8 Kb3 0-1

[Event "Moron Open"]
[Site "Moron"]
[Date "1981.??.??"]
[Round "?"]
[White "Ljubojevic, Ljubomir"]
[Black "Hase, Juan C"]
[Result "1-0"]
[WhiteElo "2605"]
[BlackElo "2410"]
[PlyCount "103"]
[EventDate "1981.??.??"]
[Source "www.chesslib.no"]
[SourceDate "2004.05.04"]

1. e4 e5 2. Nf3 Nc6 3. Bb5 Nf6 4. O-O Nxe4 5. d4 Be7 6. Qe2 Nd6 7. Bxc6 bxc6 8. dxe5 Nb7 9. Nd4 O-O 10. Nf5 d5 11. exd6 Bxd6 12. Nxd6 cxd6 13. c4 Re8 14. Be3 Qh4 15. Nc3 Qg4 16. Rfe1 Qg6 17. Qf3 Be6 18. b3 Bd7 19. Qg3 Re6 20. Qxg6 hxg6 21. f3 f6 22. h4 Kf7 23. Kf2 c5 24. Bf4 Bc6 25. Red1 Ke7 26. Rd3 Nd8 27. a3 Nf7 28. b4 Rc8 29. b5 Bb7 30. Nd5+ Kf8 31. Ne3 Ne5 32. Rd2 Ke7 33. a4 Kd7 34. a5 Rce8 35. Ra3 Rh8 36. Bg3 a6 37. Rb3 Ra8 38. bxa6 Bxa6 39. Bxe5 fxe5 40. Rb6 Ra7 41. h5 Bb7 42. hxg6 Rxg6 43. Nf5 Bc6 44. a6 Kc7 45. Rdb2 Re6 46. Nxg7 Rf6 47. Rb7+ Bxb7 48. Ne8+ Kb8 49. Nxf6 Rxa6 50. g4 d5 51. Nd7+ Kc8 52. Nxc5 1-0

[Event "Cordoba Open"]
[Site "Cordoba ARG"]
[Date "1990.??.??"]
[Round "?"]
[White "Antunes, Antonio"]
[Black "Vladimirov, Evgeny Y"]
[Result "0-1"]
[WhiteElo "2445"]
[BlackElo "2565"]
[PlyCount "52"]
[EventDate "1990.10.??"]
[Source "www.chesslib.no"]
[SourceDate "2004.05.04"]

1. e4 e5 2. Nf3 Nc6 3. Bb5 Nf6 4. O-O Nxe4 5. d4 Be7 6. Re1 Nd6 7. Bxc6 dxc6 8. dxe5 Nf5 9. Qxd8+ Bxd8 10. Bg5 Nd4 11. Nxd4 Bxg5 12. Na3 O-O 13. Nc4 Rd8 14. c3 c5 15. Nb5 Be6 16. Na5 Rd7 17. Nxb7 Rb8 18. Nxc5 Rxb5 19. Nxd7 Bxd7 20. Rad1 Be6 21. b3 Kf8 22. Rd4 Ra5 23. Re2 c5 24. Rd6 c4 25. f4 Bxf4 26. Rxe6 cxb3 0-1

[Event "Capablanca mem-B"]
[Site "Cuba"]
[Date "1993.??.??"]
[Round "8"]
[White "Garcia, Gildardo"]
[Black "Arencibia, Walter"]
[Result "1/2-1/2"]
[WhiteElo "2520"]
[BlackElo "2490"]
[PlyCount "118"]
[EventDate "1993.??.??"]
[Source "ChessBase"]

1. e4 e5 2. Nf3 Nc6 3. Bb5 Nf6 4. O-O Nxe4 5. d4 Be7 6. Qe2 Nd6 7. Bxc6 bxc6 8. dxe5 Nb7 9. Nc3 O-O 10. Re1 Nc5 11. Be3 Ne6 12. Rad1 f6 13. Nd4 Nxd4 14. Bxd4 fxe5 15. Bxe5 Bh4 16. Bxc7 Bxf2+ 17. Qxf2 Qxc7 18. Qc5 Qb6 19. Na4 Qxc5+ 20. Nxc5 d5 21. Re7 Bf5 22. c3 Rf7 23. Rxf7 Kxf7 24. Rf1 Kg6 25. Rf4 Re8 26. Kf2 Kg5 27. Rd4 Re7 28. Ra4 Kf6 29. Ra6 Rc7 30. Ke3 Ke5 31. b4 Re7 32. Nb3 Kd6+ 33. Kd2 Bc8 34. Ra5 Rf7 35. Ke1 Re7+ 36. Kf2 Rf7+ 37. Kg3 Re7 38. Rc5 Bd7 39. Nd4 a5 40. a3 axb4 41. axb4 Re1 42. Kf2 Rc1 43. h3 h6 44. Ne2 Rc2 45. Ke3 g5 46. Ra5 g4 47. h4 g3 48. Rc5 h5 49. Nxg3 Rxg2 50. Nxh5 Rh2 51. Nf4 Rxh4 52. Ra5 Rh8 53. Ra7 Re8+ 54. Kd2 Re4 55. Nd3 Rh4 56. Nc5 Bf5 57. Rf7 Ke5 58. Re7+ Kd6 59. Rf7 Ke5 1/2-1/2

[Event "Capablanca mem-A"]
[Site "Cienfuegos"]
[Date "1988.??.??"]
[Round "?"]
[White "Zapata, Alonso"]
[Black "Rivas Pastor, Manuel"]
[Result "1-0"]
[WhiteElo "2500"]
[BlackElo "2505"]
[PlyCount "79"]
[EventDate "1988.??.??"]
[Source "ChessBase"]

1. e4 e5 2. Nf3 Nc6 3. Bb5 Nf6 4. O-O Nxe4 5. d4 Be7 6. Qe2 Nd6 7. Bxc6 bxc6 8. dxe5 Nf5 9. Nc3 O-O 10. Rd1 d5 11. exd6 cxd6 12. Bf4 Re8 13. g4 Nh4 14. Nxh4 Bf8 15. Bg5 Qxg5 16. Qxe8 Qxh4 17. Qxc6 Rb8 18. Rd3 Bxg4 19. Re1 Be6 20. b3 d5 21. Rg3 Rd8 22. Rxe6 fxe6 23. Qxe6+ Kh8 24. Qf7 Qh6 25. Qf5 Qc6 26. Ne2 g6 27. Nd4 Qb6 28. Qg5 Re8 29. Re3 Rxe3 30. fxe3 h6 31. Qxd5 Bg7 32. Qe4 Qb4 33. Qd3 Qe1+ 34. Kg2 Kh7 35. Nf3 Qa5 36. h4 a6 37. a4 Qh5 38. Qe4 Qc5 39. Kg3 a5 40. Kg2 1-0

[Event "Katowice Open"]
[Site "Katowice POL"]
[Date "1993.??.??"]
[Round "4"]
[White "Malisauskas, Vidmantas"]
[Black "Kiselev, Gennady"]
[Result "1-0"]
[WhiteElo "2570"]
[BlackElo "2435"]
[PlyCount "157"]
[EventDate "1993.01.??"]
[Source "www.chesslib.no"]
[SourceDate "2004.05.04"]

1. e4 e5 2. Nf3 Nc6 3. Bb5 Nf6 4. O-O Nxe4 5. d4 Be7 6. Qe2 Nd6 7. Bxc6 bxc6 8. dxe5 Nb7 9. Nd4 O-O 10. Rd1 Qe8 11. Nf5 d6 12. exd6 Bxd6 13. Qxe8 Rxe8 14. Nxd6 Nxd6 15. Na3 Ba6 16. Bf4 Nb5 17. Nxb5 cxb5 18. Bxc7 Bc8 19. c3 Be6 20. f3 a5 21. a4 Rec8 22. Bd6 Bb3 23. axb5 Bxd1 24. b6 Bb3 25. b7 a4 26. c4 Bxc4 27. Rxa4 Bd5 28. bxc8=Q+ Rxc8 29. Rd4 Be6 30. Bc5 f6 31. b4 Kf7 32. Rd6 Rc7 33. Rb6 Ra7 34. h4 Ra2 35. Rb7+ Kg8 36. Rb8+ Kf7 37. h5 Bc4 38. Rb7+ Kg8 39. h6 gxh6 40. Be3 Bd5 41. Rd7 Be6 42. Re7 Bc4 43. Bxh6 Rb2 44. Rb7 Rb1+ 45. Kh2 Rb2 46. Rg7+ Kh8 47. Rg4 Rxb4 48. Bg7+ Kg8 49. Bxf6+ Kf8 50. Bg7+ Ke8 51. Bc3 Ra4 52. Rh4 Kf7 53. Rxh7+ Kg6 54. Rg7+ Kf5 55. Rc7 Bd5 56. Re7 Be6 57. Re8 Ra2 58. Kh3 Bd7 59. g4+ Kf4 60. Rf8+ Ke3 61. Kg3 Ra3 62. Rf7 Bc6 63. Re7+ Kd3 64. Bg7 Kd2 65. Bh6+ Kd1 66. Be3 Rb3 67. Re6 Bb7 68. Rb6 Rxb6 69. Bxb6 Ke2 70. f4 Kd3 71. f5 Ke4 72. Kh4 Ke5 73. Kg5 Bf3 74. Bc7+ Kd5 75. Kf4 Bd1 76. g5 Kc6 77. Ba5 Kd7 78. Bb4 Ke8 79. g6 1-0

[Event "IND-ch"]
[Site "New Delhi"]
[Date "2001.06.02"]
[Round "1"]
[White "Kunte, Abhijit"]
[Black "Saravanan, Venkat"]
[Result "1-0"]
[WhiteElo "2568"]
[BlackElo "2428"]
[PlyCount "78"]
[EventDate "2001.06.02"]
[Source "ChessBase"]
[SourceDate "2001.07.03"]

1. e4 e5 2. Nf3 Nc6 3. Bb5 Nf6 4. O-O Nxe4 5. d4 Be7 6. Qe2 Nd6 7. Bxc6 bxc6 8. dxe5 Nf5 9. Nc3 O-O 10. Bf4 d5 11. exd6 cxd6 12. Rad1 Qb6 13. Qd2 d5 14. Na4 Qa6 15. b3 Be6 16. Rfe1 Rfe8 17. h3 Bf8 18. Qd3 Qc8 19. Ng5 h6 20. Nxe6 Rxe6 21. c4 Rxe1+ 22. Rxe1 Qd7 23. cxd5 cxd5 24. Rc1 Qe6 25. Nc3 Rd8 26. Nb5 g5 27. Be3 Nxe3 28. Qxe3 a6 29. Nd4 Qe4 30. g4 Bg7 31. Nf5 Qxe3 32. fxe3 d4 33. Rd1 d3 34. Kf2 Kh7 35. e4 Be5 36. Ne7 Rd4 37. Ke3 Rd6 38. Nd5 Rc6 39. Kxd3 Kg6 1-0

[Event "Polanica Zdroj Open"]
[Site "Polanica Zdroj POL"]
[Date "1994.??.??"]
[Round "?"]
[White "Gdanski, Jacek"]
[Black "Kiselev, Gennady"]
[Result "1/2-1/2"]
[WhiteElo "2505"]
[BlackElo "2490"]
[PlyCount "25"]
[EventDate "1994.??.??"]
[Source "www.chesslib.no"]
[SourceDate "2004.05.04"]

1. e4 e5 2. Nf3 Nc6 3. Bb5 Nf6 4. O-O Nxe4 5. d4 Be7 6. Qe2 Nd6 7. Bxc6 bxc6 8. dxe5 Nb7 9. Nc3 O-O 10. Nd4 Qe8 11. Re1 Bc5 12. Nb3 Bb6 13. a4 1/2-1/2

[Event "Cappelle op"]
[Site "Cappelle la Grande"]
[Date "1999.??.??"]
[Round "9"]
[White "Brodsky, Michail"]
[Black "Grabarczyk, Miroslaw"]
[Result "1/2-1/2"]
[WhiteElo "2530"]
[BlackElo "2462"]
[PlyCount "130"]
[EventDate "1999.02.??"]
[Source "www.chesslib.no"]
[SourceDate "2004.05.04"]

1. e4 e5 2. Nf3 Nc6 3. Bb5 Nf6 4. O-O Nxe4 5. d4 Be7 6. Qe2 Nd6 7. Bxc6 bxc6 8. dxe5 Nb7 9. Nc3 O-O 10. Re1 Nc5 11. Be3 Ne6 12. Rad1 d5 13. exd6 cxd6 14. Nd4 Bd7 15. Nf5 d5 16. Na4 Bf6 17. c4 Qa5 18. Nc3 Bxc3 19. bxc3 Qxc3 20. cxd5 cxd5 21. Rxd5 Rfd8 22. Rc1 Qf6 23. Qf3 Be8 24. Nh6+ Kf8 25. Qxf6 gxf6 26. Ra5 Rac8 27. Re1 Nd4 28. Ng4 Kg7 29. h4 h5 30. Nh6 Kg6 31. Bxd4 Kxh6 32. Bxf6 Rd6 33. Bg5+ Kg6 34. Rxa7 f6 35. Bf4 Rd4 36. Bg3 Ba4 37. Ree7 Rc5 38. Kh2 Bd1 39. Rg7+ Kf5 40. f3 Rd2 41. Be1 Rb2 42. Rg3 Be2 43. Bf2 Rd5 44. a3 Ra2 45. Be3 Re5 46. Bd4 Rd5 47. Bc3 Rc5 48. Bb4 Re5 49. Rh7 Ke6 50. Rc7 Bf1 51. Rc6+ Kf7 52. Rc7+ Ke6 53. Kg1 Bb5 54. Rgg7 Rd5 55. Rce7+ Kf5 56. Rh7 Rd1+ 57. Kh2 Be2 58. Rxh5+ Kg6 59. Rh8 Bxf3 60. Rg8+ Kf5 61. Re1 Rxe1 62. Bxe1 Bd5 63. Rg3 Bf7 64. Rf3+ Kg6 65. Rg3+ Kf5 1/2-1/2

[Event "Orel"]
[Site "?"]
[Date "1998.??.??"]
[Round "8"]
[White "Pushkov Nikolai"]
[Black "Egin Vladimir"]
[Result "1-0"]
[WhiteElo "2520"]
[BlackElo "2470"]
[PlyCount "69"]
[EventDate "1998.??.??"]
[Source "www.chesslib.no"]
[SourceDate "2004.05.04"]

1. e4 e5 2. Nf3 Nc6 3. Bb5 Nf6 4. O-O Nxe4 5. d4 Be7 6. Qe2 Nd6 7. Bxc6 bxc6 8. dxe5 Nf5 9. Qe4 g6 10. Nd4 Nxd4 11. Qxd4 d5 12. exd6 O-O 13. Bh6 Bf6 14. Qa4 Re8 15. Nc3 cxd6 16. Qxc6 Bd7 17. Qf3 Bf5 18. g4 Be5 19. gxf5 Qh4 20. h3 Qxh6 21. Nd5 Rac8 22. Rae1 Kh8 23. c3 Rc4 24. Kh1 g5 25. Rg1 g4 26. Qg2 Ra4 27. a3 Qd2 28. b4 Rg8 29. f4 Bxc3 30. Qxd2 Bxd2 31. Rd1 Rxa3 32. Rxd2 Rxh3+ 33. Rh2 Rd3 34. Nf6 Rg7 35. Re1 1-0

[Event "IBM-B"]
[Site "Amsterdam"]
[Date "1973.??.??"]
[Round "7"]
[White "Hecht, Hans Joachim"]
[Black "Kovacevic, Vlatko"]
[Result "1/2-1/2"]
[WhiteElo "2505"]
[BlackElo "2485"]
[PlyCount "59"]
[EventDate "1973.??.??"]
[Source "ChessBase"]

1. e4 e5 2. Nf3 Nc6 3. Bb5 Nf6 4. O-O Nxe4 5. d4 Be7 6. dxe5 O-O 7. Qe2 Nc5 8. Nc3 d6 9. Rd1 Bg4 10. Bxc6 bxc6 11. h3 Bd7 12. Ne4 Nxe4 13. Qxe4 d5 14. Qe2 Qb8 15. c4 Qb7 16. Be3 Rfb8 17. cxd5 cxd5 18. Rac1 c6 19. Bd4 a5 20. Ne1 Qb5 21. Qxb5 Rxb5 22. Nd3 a4 23. Nc5 Be8 24. Nd3 Raa5 25. Bc3 Ra8 26. Bd4 h5 27. g4 hxg4 28. hxg4 Bd7 29. f3 Raa5 30. Bc3 1/2-1/2

[Event "URS-FL"]
[Site "Ashkhabad"]
[Date "1978.??.??"]
[Round "4"]
[White "Beliavsky, Alexander G"]
[Black "Mikhalchishin, Adrian"]
[Result "1/2-1/2"]
[WhiteElo "2530"]
[BlackElo "2460"]
[PlyCount "84"]
[EventDate "1978.10.??"]
[Source "ChessBase"]

1. e4 e5 2. Nf3 Nc6 3. Bb5 Nf6 4. O-O Nxe4 5. d4 Be7 6. Qe2 Nd6 7. Bxc6 bxc6 8. dxe5 Nf5 9. Qe4 g6 10. Nd4 Nxd4 11. Qxd4 d5 12. Nc3 Bf5 13. Na4 O-O 14. b3 Qb8 15. Bh6 Re8 16. g4 Be6 17. h3 Qb5 18. Be3 Qe2 19. Qd1 Qxd1 20. Raxd1 h5 21. f3 f6 22. exf6 Bxf6 23. Rfe1 Kf7 24. Bf4 Re7 25. Kg2 Rae8 26. Bg3 d4 27. Nc5 Bd5 28. Rxe7+ Rxe7 29. Re1 Rxe1 30. Bxe1 Be7 31. Na6 hxg4 32. hxg4 Bd6 33. Bg3 c5 34. Nxc7 Bxc7 35. Bxc7 c4 36. Kf2 Ke6 37. b4 d3 38. cxd3 cxd3 39. Ke3 d2 40. Kxd2 Bxf3 41. b5 Bxg4 42. Bb8 a6 1/2-1/2

[Event "Memorial Konig"]
[Site "San Francisco (USA)"]
[Date "2007.07.24"]
[Round "?"]
[White "Friedel Joshua E (USA)"]
[Black "Yermolinsky Alex (USA)"]
[Result "1-0"]
[WhiteElo "2472"]
[BlackElo "2517"]
[PlyCount "129"]
[EventDate "2007.??.??"]
[Source "www.chesslib.no"]
[SourceDate "2004.05.04"]

1. e4 e5 2. Nf3 Nc6 3. Bb5 Nf6 4. O-O Nxe4 5. d4 Be7 6. Qe2 Nd6 7. Bxc6 bxc6 8. dxe5 Nb7 9. Nc3 O-O 10. Re1 Nc5 11. Nd4 Ne6 12. Nxe6 fxe6 13. Ne4 d5 14. Nd2 c5 15. c3 a5 16. Nf1 Qd7 17. Ng3 Ba6 18. Qg4 Bd3 19. Bg5 c4 20. Bxe7 Qxe7 21. Rad1 c5 22. Rd2 Qf7 23. Re3 a4 24. a3 Rac8 25. Rf3 Qg6 26. Rxf8+ Rxf8 27. Qxg6 Bxg6 28. f3 Bd3 29. Kf2 Rf4 30. h3 Kf7 31. Nh5 Rh4 32. g4 Rxh3 33. Kg2 Rh4 34. Rd1 g5 35. Kg3 Bg6 36. Nf4 Bc2 37. Rc1 Bb3 38. Nh3 h6 39. Rf1 d4 40. cxd4 cxd4 41. f4 Ke8 42. fxg5 hxg5 43. Nxg5 Rh6 44. Ne4 Kd7 45. g5 Rg6 46. Rf6 Rg8 47. Kf4 Bc2 48. Nc5+ Kc6 49. Nxe6 d3 50. Nd4+ Kc5 51. Nf3 c3 52. bxc3 Kc4 53. Ke3 Kxc3 54. Rb6 Bb3 55. g6 Bd5 56. Rd6 Bxf3 57. Kxf3 d2 58. Ke2 Kb2 59. Kxd2 Kxa3 60. Rb6 Rd8+ 61. Ke3 Rd1 62. Kf4 Rg1 63. Kf5 Ka2 64. e6 Rf1+ 65. Ke5 1-0

[Event "Podolsk"]
[Site "?"]
[Date "1991.??.??"]
[Round "?"]
[White "Yudasin, L."]
[Black "Knezevic, M."]
[Result "1-0"]
[WhiteElo "2595"]
[BlackElo "2390"]
[PlyCount "61"]
[EventDate "1991.??.??"]
[Source "ChessBase"]
[SourceDate "1991.10.01"]

1. e4 e5 2. Nf3 Nc6 3. Bb5 Nf6 4. O-O Nxe4 5. d4 Be7 6. Qe2 Nd6 7. Bxc6 bxc6 8. dxe5 Nb7 9. Nd4 O-O 10. Nf5 d5 11. Nxe7+ Qxe7 12. Re1 Re8 13. b3 Qh4 14. Nd2 Nd6 15. Bb2 f6 16. Qe3 fxe5 17. Bxe5 Nf7 18. Bg3 Rxe3 19. Bxh4 Re6 20. Nf3 c5 21. Bg3 Nd6 22. Ne5 Ne4 23. Nd3 Rc6 24. Nf4 Nf6 25. Bh4 Bb7 26. Re7 Rf8 27. Ne6 Rf7 28. Rxf7 Rxe6 29. Rxc7 Bc6 30. f3 a6 31. Re1 1-0